| 000 | 00402cam a2200145ua 4500 | ||
|---|---|---|---|
| 041 |
_aeng _h |
||
| 082 |
_a822 _bSHA/SE |
||
| 100 | _aShakespeare, William. | ||
| 245 |
_aSecond part of the History of Henry 4,part 2 / _cWilliam Shakespeare. _hTextual Documents |
||
| 260 |
_aLondon : _bCambridge at the University Press , _c1958. |
||
| 300 | _a130 ; . | ||
| 504 | _a | ||
| 942 | _cBK | ||
| 999 |
_c668 _d668 |
||